000 00449nam a2200181Ia 4500
001 1989
005 20260306143809.0
008 260306t2006||||xx |||||||||||||| ||spa||
041 _aESP
082 _a158.72
_bN56
100 _aNieto Gil, Jesús Mª
_eAUT
245 0 _aCómo evitar o superar el estrés docente texto impreso
260 _c2006
300 _a307 páginas :
_ccm.
650 _aGEN
654 _aCPS
942 _cLIB
_dJUS
_fJUS
_2ddc
_n
999 _c1989
_d1989